Statistiques concernant Villes avec le plus d'hôtels 5 étoiles.

Cliquez ici pour prendre le quiz!

Statistiques générales

  • Ce quiz a été pris 147 fois
  • Le résultat moyen est 3 sur 10

Statistiques - réponses

Hotels 5 étoilesVilles% Correct
110Londres
80%
220Pékin
73%
100Dubaï
63%
170Shanghai
60%
120Istanbul
27%
105Canton
26%
110Marrakech
10%
70Hangzhou
1%
90Charm-el-Cheikh
0%
105Sanya
0%

Distribution des résultats

Percentile par nombre de réponses

% des personnes avec chaque résultat

Votre développement - résultats

Vous n’avez pas pris ce quiz